| 000 | 01274nam a2200217 a 4500 | ||
|---|---|---|---|
| 008 | 091027s1999 ||||||||||||||||| || u | ||
| 020 | _a9982839004 | ||
| 050 | _aLA 1596 Kel | ||
| 100 | _aKelly, Michael J | ||
| 245 | 1 | 4 |
_aThe origins and development of education in Zambia: from pre-colonial times to 1996 _cdevised and prepared by M. J. Kelly |
| 260 |
_aLusaka _bImage Publishers _c1999 |
||
| 300 | _axiv, 313p. | ||
| 350 | _a50000.00 | ||
| 500 | _aA book of notes and readings | ||
| 650 | _aEDUCATION--ZAMBIA--HISTORY--TO 1996 | ||
| 650 | 0 | _aEDUCATIONAL TESTS AND MEASUREMENTS | |
| 995 |
_D50000.00 _FCBU-MAIN LIBRARY (Kitwe) _H1 _I50000.00 _M2 _UAVAILABLE _WNov 10, 2009 _ZZambiana Collection |
||
| 995 |
_D50000.00 _FCBU-MAIN LIBRARY (Kitwe) _H1 _I50000.00 _M4 _UDAMAGED _WNov 10, 2009 _ZMain Library Open Access Collection |
||
| 995 |
_D50000.00 _FCBU-MAIN LIBRARY (Kitwe) _H1 _I50000.00 _M1 _UAVAILABLE _WNov 10, 2009 _ZZambiana Collection |
||
| 995 |
_D50000.00 _FCBU-MAIN LIBRARY (Kitwe) _H1 _I50000.00 _M3 _UAVAILABLE _WNov 10, 2009 _ZMain Library Open Access Collection |
||
| 999 |
_c81696 _d81696 |
||